Statistics for Mumbai City Trivia

Click here to take the quiz!

General Stats

  • This quiz has been taken 478 times
    (415 since last reset)
  • The average score is 12 of 18

Answer Stats

ClueAnswer% Correct
Official name until 1995Bombay
98%
Nickname for the Indian film industryBollywood
97%
Mumbai overlooks this seaArabian Sea
80%
Mumbai is the capital of this stateMaharashtra
74%
Most commonly spoken languageMarathi
73%
Movie about a teenager who answers questions based on his experiences
(won the 2009 Oscars for Best Picture)
Slumdog Millionaire
70%
Country that controlled Mumbai in 1534–1661 and gave that name to itPortugal
69%
The most luxurious hotel in Mumbai is named after this famous landmarkTaj Mahal
66%
India's richest person who lives in Antilla, world's priciest private residenceMukesh Ambani
63%
Name of the busiest container port in India
(named for India's first prime minister)
Jawaharlal Nehru
62%
Year in which the Mumbai attacks by extremist Islamist groups took place2008
61%
India's largest slumDharavi
61%
Landmark where the first British monarch visiting India arrived{Gateway} of India
60%
Highest run scorer of all time in International cricketSachin Tendulkar
57%
Political party that was founded in Mumbai in 1885Indian National
Congress
55%
38 of these people live in Mumbai, the highest number in Asia outside ChinaBillionaires
49%
Collection of cave temples dedicated to the Hindu god Shiva{Elephant}a Caves
48%
Island on which Mumbai is mainly locatedSalsette
20%

Score Distribution

Percentile by Number Answered

Percent of People with Each Score

Your Score History

You have not taken this quiz since the last reset